Statystyki dla Ligue 1 21/22

Kliknij tutaj aby rozwiązać quiz!

Ogólne statystyki

  • Ten quiz został rozwiązany 48 razy
  • Średni wynik to 14 z 20

Statystyki odpowiedzi

Klub% Poprawnych
PSG
100%
Olympique Lyon
95%
Lille
93%
Olympique Marsylia
93%
Monaco
88%
Stade Rennais
79%
Nantes
76%
Bordeaux
74%
Lens
74%
Nice
74%
Angers
71%
Saint Etienne
69%
Montpellier
62%
Stade de Reims
62%
Metz
60%
Stade Brest
57%
Strasburg
57%
Lorient
43%
Troyes
43%
Clermont Foot
29%

Rozkład punktacji

Percentyl według liczby udzielonych odpowiedzi

Procent ludzi z każdym wynikiem

Twoja historia wyników

Nie rozwiązałeś tego quizu